000 00843cab a2200253 4500
001 WB3302-06
008 090401t1997 xxu||||| |||| 00| 0 eng d
035 _a(Sirsi) u19361
041 _aeng
245 _aCommercial property investment
260 _c1997
350 _a0
490 _aFinancial Times
_v10 January 1997, 10(1)
520 _aSummary of interviews with senior executives of the UK`s largest property investors. The overall feeling is one of optimism for commercial property investment during 1997.
650 _a1997
650 _aPROPERTY-COMMERCIAL PROPERTY
650 _aFORECASTS
650 _aINSTITUTIONAL INVESTMENT
650 _aINVESTMENT MARKET
650 _aPROPERTY SHARES
690 _aPROPERTY-COMMERCIAL PROPERTY-COMMERCIAL PROPERTY FINANCE AND INVESTMENT
942 _n0
948 _c04/03/1997
999 _c12920
_d12920